000 00626nam a2200241Ia 4500
003 OSt
005 20221005035034.0
006 a|||||r|||| 00| 0
007 ta
008 221004b |||||||| |||| 00| 0 eng d
024 _a45687
037 _cTextual
040 _aCRL
_cCRL
_beng
041 _2eng
_aeng
082 _aB6, L6
100 _aDatta Dilip Kumar Au.
_9587916
245 0 _aConcepts of geometry
260 _aDelhi
_bHindustan publishing co. India
_c1966
300 _a254p.
_ccm.
650 _aMATHEMATICS
942 _hB6, L6
_cTEXL
_2cc
999 _c944525
_d944525